MARC details
| 000 -LEADER |
| campo de control de longitud fija |
00335nam a2200133Ia 4500 |
| 005 - FECHA Y HORA DE LA ÚLTIMA TRANSACCIÓN |
| campo de control |
20260328101458.0 |
| 008 - DATOS DE LONGITUD FIJA--INFORMACIÓN GENERAL |
| campo de control de longitud fija |
260328s9999||||xx |||||||||||||| ||und|| |
| 100 ## - ENTRADA PRINCIPAL--NOMBRE DE PERSONA |
| Nombre de persona |
SENA |
| 245 #0 - MENCIÓN DEL TÍTULO |
| Título |
Memorias : |
| Resto del título |
I Congreso Mundial de Bambú / Guadua / |
| Mención de responsabilidad, etc. |
SENA |
| 260 ## - PUBLICACIÓN, DISTRIBUCIÓN, ETC. |
| Nombre del editor, distribuidor, etc. |
SENA |
| 300 ## - DESCRIPCIÓN FÍSICA |
| Extensión |
215 p. |
| 650 ## - PUNTO DE ACCESO ADICIONAL DE MATERIA--TÉRMINO DE MATERIA |
| Término de materia o nombre geográfico como elemento de entrada |
MATERIALES CONSTRUCTIVOS |
| 942 ## - ELEMENTOS DE ENTRADA SECUNDARIOS (KOHA) |
| Tipo de ítem Koha |
Libros |